Landscape planning : environmental applications
Saved in:
| Main Author: | |
|---|---|
| Format: | Book |
| Language: | English |
| Published: |
John Wiley
2010
|
| Tags: |
Add Tag
No Tags, Be the first to tag this record!
|
MARC
| LEADER | 00000nam a22000007a 4500 | ||
|---|---|---|---|
| 008 | 201215b ||||| |||| 00| 0 eng d | ||
| 020 | |a 978-0-470-57081-4 | ||
| 100 | |a MARSH, William M. | ||
| 245 | |a Landscape planning |b : environmental applications |c William M. Marsh |g xv, 511p.; ill. | ||
| 250 | |b 5th ed. | ||
| 260 | |b John Wiley |c 2010 |h Hoboken, NJ |i 691436 |l HD108.6 .M35 |m Land use – Planning – Environmental aspects. |m Landscape architecture – Environmental aspects |m Landscape protection | ||
| 500 | |a It includes bibliographical references and index | ||
| 942 | |a lcc |c BK |e Kuteyi, M. A. |f 15/12/2020 | ||
| 952 | |0 0 |1 0 |2 lcc |4 0 |6 HD01086 M35 |7 0 |9 487 |a HOL |b HOL |c GJ |d 2020-12-15 |l 0 |o HD108.6 .M35 |p 2020-2216 |r 2020-12-15 00:00:00 |w 2020-12-15 |y BK | ||
| 999 | |c 252 |d 252 | ||